000 04107nam a22003857a 4500
005 20100219155122.0
010 _aB-396109-124
020 _a9788189790691
_c150.00
035 _aB-396109-124
037 _bPansy Books/VEN
082 _a821
100 _aपोखरियाल, रमेश 'निशंक'
_922902
245 _aतुम भी मेरे साथ चलोः
_b(राष्ट्रीय अस्मिता की कविताएँ) /
_cरमेश पोखरियाल 'निशंक'
260 _aबिजनौर
_bहिंदी साहित्य निकेतन
_c2009
270 _a16 ,साहित्य विहार
_bबिजनौर (उ.प्र.)
_k01342 263232
_l01342 262375
300 _a80पृ
_c22सेमी (सजिल्द)
942 _2ddc
_cHN
_h821
_mपोखरि
999 _c34158
_d34158